000 00577nam a2200193Ia 4500
008 131103s9999 xx 000 0 und d
040 _aLoreto College
041 _aEnglish
082 _a891.431/PRA-DIW
_bLCLIB/
100 _aDwibedi,Ram Rajpal
245 _aPrasad evam Pant ka tulnatmak vivechan
_cRam Rajpal Dwibedi
260 _aAgra
_bSaraswati Pustak Sadan
_c[19 - ?]
300 _a366 p.
_c 16 cm.
630 _aHindi poetry - Criticism and interpretation
650 _aPrasad
651 _aPant,Sumitranandan
850 _aLCLIB/891.431/PRA-DWI
942 _cBK
999 _c19073
_d69552